000 00948nam a2200277 a 4500
999 _c5583
_d5583
001 2029903
003 GZU
005 20210408151247.0
008 910711s1990 rh a b 001 0 eng
010 _a 91981059
020 _a0869224727
040 _aDLC
_cDLC
041 0 _aengsho
050 0 0 _aPL8681.5
_b.K35 1990
082 0 0 _a496/.39753
_220
100 1 _aKahari, George P.
245 1 4 _aThe rise of the Shona novel :
_ba study in development, 1890-1984 /
_cGeorge P. Kahari.
260 _aGweru [Zimbabwe] :
_bMambo,
_c1990.
300 _axiv, 407 p. :
_bill. ;
_c22 cm.
500 _aEnglish with some Shona.
504 _aIncludes bibliographical references (p. [376]-394) and index.
650 0 _aShona fiction
_xHistory and criticism.
906 _a7
_bcbc
_corignew
_d3
_encip
_f19
_gy-gencatlg
942 _2lcc
_cBK
_h8681.5
_iKAH
_kPL
_m1990